| 000 | 00771nam a22002057a 4500 | ||
|---|---|---|---|
| 999 |
_c16819 _d16819 |
||
| 003 | AR-CdUCM | ||
| 008 | 190506b ||||| |||| 00| 0 spa d | ||
| 040 |
_aMUNICIPALIDAD PROVINCIAL DEL CUSCO _cBIBLIOTECA MUNICIPAL DEL CUSCO |
||
| 082 |
_23ed. _a329.1 / _bV66 / 1957 |
||
| 100 |
_aVillanueva, Víctor _96878 |
||
| 245 |
_aLa tragedia de un pueblo y un partido : _b(Paginas para la historia del apra) |
||
| 260 |
_aLima : _c1957. |
||
| 300 |
_a257 páginas ; _c17 cm. |
||
| 505 | _aContenido : Nota a la tercera edicion -- Al lector -- Prefacio a la segunda edicion -- Algunas opiniones sobre el movimiento de 3 de octubre ... | ||
| 650 |
_aTragedia _9559 |
||
| 650 |
_aAprismo _96880 |
||
| 650 |
_aPolítica _9291 |
||
| 942 |
_2ddc _cLIBROS |
||
| 945 |
_arah _d06/05/2019 |
||